000 00629nam a2200229Ia 4500
003 OSt
005 20220928104806.0
006 a|||||r|||| 00| 0
007 ta
008 220927b |||||||| |||| 00| 0 eng d
024 _a103094
037 _cTextual
040 _aSDCL
_cSDCL
_beng
041 _2eng
_aeng
082 _aO152,6:g, L1;1
100 _aGupt Ganga prasad
_9412093
245 0 _aHindi sahatiya main nibandh aur nibandhakar.
260 _aAllahabad
_bRachna Prakashan
_c1971
300 _a305p.
_ccm.
942 _hO152,6:g, L1;1
_cTEXL
_2CC
999 _c727817
_d727817